Wiedza ogólna - geografia #12 - Statystyki

Ogólne statystyki
  • Ten quiz został rozwiązany 34 razy
    28 od ostatniego zresetowania
  • Średni wynik to 3 z 5
Statystyki odpowiedzi
Opis Odpowiedź % Poprawnych
Stan USA w przeszłości kupiony od Rosji Alaska
100%
Polskie województwo leżące najbardziej na południe Podkarpackie
82%
Europejskie państwo z ograniczonym uznaniem międzynarodowym Kosowo
73%
Państwo leżące najbliżej Indii nie licząc państw graniczących Sri Lanka
55%
Najwyższe wodospady na świecie Salto Angel
5%
Nie znaleziono quizów pasujących do podanych kryteriów
Rozkład punktacji
Procent ludzi z każdym wynikiem
Percentyl według liczby udzielonych odpowiedzi
Twoja historia wyników
Nie rozwiązałeś tego quizu od ostatniego zresetowania